Statistiques concernant Les 10 plus grandes communes du Cantal

Cliquez ici pour prendre le quiz!

Statistiques générales

  • Ce quiz a été pris 87 fois
  • Le résultat moyen est 6 sur 10

Statistiques - réponses

communesnombre d'habitants% Correct
Aurillac25 499
100%
Saint-Flour6 435
92%
Mauriac3 603
89%
Murat1 878
62%
Arpajon-sur-Cère6 217
56%
Maurs2 144
49%
Ytrac4 293
44%
Jussac2 019
38%
Riom-ès-Montagnes2 513
35%
Naucelles2 024
25%

Distribution des résultats

Percentile par nombre de réponses

% des personnes avec chaque résultat

Votre développement - résultats

Vous n’avez pas pris ce quiz